000 00566nam a2200181Ia 4500
005 20260601193254.0
008 260601s9999||||xx |||||||||||||| ||und||
020 _a978-981-97-5280-5
_qebk
100 _aHong Peng
245 0 _aAdvanced Spiking Neural P Systems
250 _a2024
260 _aHeidelberg, Germany
_bSpringer Nature
_c2024
440 _aComputational Intelligence Methods and Applications
650 _aComputer Science
700 _aJun Wang
856 _uhttps://link.springer.com/openurl?genre=book&isbn=978-981-97-5280-5
942 _cEB
_2ddc
999 _c56828
_d56828